| 000 | 01189cam a2200157 4500500 | ||
|---|---|---|---|
| 005 | 20260222001716.0 | ||
| 041 | _afre | ||
| 042 | _adc | ||
| 100 | 1 | 0 |
_aSanchez, Pierre-Louis _eauthor |
| 245 | 0 | 0 | _aA Divisive Work Collective? The Case of Court Clerks in the Judiciary |
| 260 | _c2026. | ||
| 500 | _a8 | ||
| 520 | _aDrawing on field research conducted in a jurisdiction, this article examines the principles of structuring and differentiating the collective work environment of court clerks. Depending on the type of service occupied, the representations and boundaries of this collective, as well as the actual relationships with colleagues, vary. A contextualized study of the relationships between the court clerks and the judiciary is then proposed. These relationships engage the identity and unity of the court clerkâs collective work environment, rather than mechanically reaffirming them, and thus serve as a basis for differentiated positioning among the clerks. | ||
| 786 | 0 | _nLes Cahiers de la Justice | 4 | 4 | 2026-01-12 | p. 581-591 | 1958-3702 | |
| 856 | 4 | 1 | _uhttps://droit.cairn.info/journal-les-cahiers-de-la-justice-2025-4-page-581?lang=en&redirect-ssocas=7080 |
| 999 |
_c1664636 _d1664636 |
||